00867nam a2200193 a 450000100100000000500170001000800410002704000250006808200150009311000700010824500720017826000640025030000210031450000510033571000850038671000720047195201130054399900170065600003602820200930074819.0111123s1981 dr ac 000 0 spa d aDO-SdBNPbspacBNPHU axxxxbS4712 aSeminario Técnicon(10mo.d1981 jul 7-10cSanto Domingo)96207310aMercado de trabajo para los beneficiarios del crédito educativo:. aSanto Domingo :bFundación de Crédito Educativo,c1981. a319 p. ;c24 cm. aMemorias décimo seminario técnico de APICE2 aAsociación Panamericana de Instituciones de Crédito Educativo (APICE)9620742 aInstituto Dominicano de Publicidad y Mercadotecnia (INPUMER)962075 0010718PDaPDbPDcCTd2011-11-23iLF1l0oxxxx S471p36028-10r2020-06-25w2020-06-25yLFPDZNo se presta c35519d35519